Mendekati Bahasa Melayu STPM : sukatan baru
| Main Author: | |
|---|---|
| Format: | Book |
| Published: |
K.L :
Elman ,
1992
|
| Subjects: |
MARC
| LEADER | 00000cam a2200000 7i4500 | ||
|---|---|---|---|
| 001 | 0000006142 | ||
| 002 | 000006632 | ||
| 005 | 20000330.0 | ||
| 020 | |a T000000536 | ||
| 090 | 0 | 0 | |a 499.28 |b HAM |
| 100 | 0 | |a Hamedi Mohd Adnan | |
| 245 | 1 | 0 | |a Mendekati Bahasa Melayu STPM : |b sukatan baru |c Hamedi Mohd.Adnan |
| 255 | |a Kertas 1 | ||
| 260 | |a K.L : |b Elman , |c 1992 | ||
| 300 | |a 413p. ; |c 21cm. | ||
| 650 | 0 | 0 | |a Malay language |x STPM |
| 999 | |a 038326 |b BUKU |c RUJUKAN |e PERPUSTAKAAN KOMUNITI PETALING JAYA | ||